[Event "Berlin Lichtenrade op 13th"]
[Site "Berlin"]
[Date "2017.11.05"]
[Round "9"]
[White "Vogel, Constantin"]
[Black "Piotrowski, Christopher"]
[Result "1/2-1/2"]
[WhiteElo "1963"]
[BlackElo "2110"]
[PlyCount "94"]
[EventDate "2017.10.28"]
[EventType "swiss"]
[EventRounds "9"]
[EventCountry "GER"]
[SourceTitle "CBM 181 Extra"]
[Source "ChessBase"]
[SourceDate "2017.12.12"]
[SourceVersion "1"]
[SourceVersionDate "2017.12.12"]
[SourceQuality "1"]

1. c4 e5 2. g3 Nf6 3. Bg2 d5 4. cxd5 Nxd5 5. Nc3 Nb6 6. Nf3 Nc6 7. 0-0 Be7 8. a3 0-0 9. b4 Be6 10. d3 Nd4 11. Bb2 Bb3 12. Qd2 Nc4 13. Qc1 Nxf3+ 14. Bxf3 Bg5 15. e3 Qxd3 16. Be2 Qf5 17. Nb5 Qe4 18. Nc3 Qc6 19. b5 Qe6 20. Ne4 Be7 21. Qc3 Nxb2 22. Qxb2 Bd5 23. Nc3 Bc4 24. Bxc4 Qxc4 25. e4 Bc5 26. Rac1 Bd4 27. Ne2 Bxb2 28. Rxc4 c6 29. bxc6 bxc6 30. a4 Rac8 31. Rb1 Ba3 32. Rb3 Bd6 33. Rb7 Bb8 34. Nc1 f6 35. Nb3 Rf7 36. Rcb4 Bd6 37. Rxf7 Kxf7 38. Rb7+ Rc7 39. Rxc7+ Bxc7 40. Kf1 Bb6 41. Ke2 Ke6 42. f3 f5 43. Kd3 g6 44. Nd2 h5 45. h3 Bf2 46. g4 fxg4 47. fxg4 hxg4 1/2-1/2

[Event "Berlin Lichtenrade op 13th"]
[Site "Berlin"]
[Date "2017.11.04"]
[Round "8"]
[White "Piotrowski, Christopher"]
[Black "Bauder, Herbert"]
[Result "1-0"]
[WhiteElo "2110"]
[BlackElo "1925"]
[PlyCount "77"]
[EventDate "2017.10.28"]
[EventType "swiss"]
[EventRounds "9"]
[EventCountry "GER"]
[SourceTitle "CBM 181 Extra"]
[Source "ChessBase"]
[SourceDate "2017.12.12"]
[SourceVersion "1"]
[SourceVersionDate "2017.12.12"]
[SourceQuality "1"]

1. c4 c5 2. g3 g6 3. Bg2 Bg7 4. Nf3 Nc6 5. Nc3 e5 6. d3 Nge7 7. 0-0 0-0 8. Ne1 d6 9. Nc2 a5 10. Ne3 h6 11. Bd2 f5 12. Ned5 Kh7 13. e3 Nxd5 14. Nxd5 Ne7 15. Bc3 Rb8 16. Nxe7 Qxe7 17. Bxa5 b5 18. cxb5 Rxb5 19. Bc3 Be6 20. f4 Qa7 21. Qd2 Qc7 22. fxe5 dxe5 23. a4 Rb3 24. a5 c4 25. dxc4 Bxc4 26. Rfd1 e4 27. Bd4 Bxd4 28. Qxd4 Bd3 29. a6 Rc8 30. a7 Ra8 31. Qd5 Rxb2 32. Qxa8 Qc2 33. Qh8+ Kxh8 34. a8Q+ Kg7 35. Ra7+ Kf6 36. Qd8+ Ke5 37. Re7+ Kf6 38. Re8+ Kf7 39. Qe7# 1-0

[Event "Berlin Lichtenberger op 9th"]
[Site "Berlin"]
[Date "2010.08.15"]
[Round "9"]
[White "Piotrowski, Christopher"]
[Black "Bandlow, Matthias"]
[Result "1-0"]
[WhiteElo "2086"]
[BlackElo "2004"]
[PlyCount "91"]
[EventDate "2010.08.07"]
[EventType "swiss"]
[EventRounds "9"]
[EventCountry "GER"]
[SourceTitle "CBM 137 Extra"]
[Source "ChessBase"]
[SourceDate "2010.09.01"]
[SourceVersion "1"]
[SourceVersionDate "2010.09.01"]
[SourceQuality "1"]

1. e4 c5 2. Nf3 d6 3. d3 Nf6 4. g3 e6 5. Bg2 Be7 6. 0-0 0-0 7. Nbd2 Nc6 8. b3 Qc7 9. Bb2 b6 10. Nc4 Bb7 11. Nfd2 d5 12. Ne3 d4 13. Ng4 e5 14. f4 Rae8 15. f5 Bc8 16. Nxf6+ Bxf6 17. Nf3 Qe7 18. Bc1 g5 19. h3 Kh8 20. Nh2 Bg7 21. Qh5 f6 22. h4 gxh4 23. Qxh4 Rg8 24. Bf3 Rd8 25. Bh5 Rd6 26. Ng4 Bd7 27. Bg6 Bf8 28. Qh5 Rxg6 29. fxg6 Bxg4 30. Qxg4 h6 31. Rf2 Bg7 32. Rh2 Qf8 33. Kg2 Ne7 34. Bxh6 Bxh6 35. Rxh6+ Qxh6 36. Rh1 Qxh1+ 37. Kxh1 Kg7 38. Kg2 a5 39. a4 Nxg6 40. Qc8 Kh6 41. Kf3 Kg5 42. Qf5+ Kh6 43. Kg4 Kg7 44. Qc8 Kh6 45. Qe8 Kg7 46. Kf5 1-0

[Event "Oberliga Nord O 0910"]
[Site "Germany"]
[Date "2010.04.11"]
[Round "9.8"]
[White "Piotrowski, Christopher"]
[Black "Kaiser, Joachim"]
[Result "1-0"]
[WhiteElo "2071"]
[BlackElo "2138"]
[PlyCount "79"]
[EventDate "2009.10.18"]
[EventType "team-tourn"]
[EventRounds "9"]
[EventCountry "GER"]
[SourceTitle "EXT 2011"]
[Source "ChessBase"]
[SourceDate "2010.11.26"]
[SourceVersion "1"]
[SourceVersionDate "2010.11.26"]
[SourceQuality "1"]
[WhiteTeam "Koenig Tegel"]
[BlackTeam "Kreuzberg"]
[WhiteTeamCountry "GER"]
[BlackTeamCountry "GER"]

1. Nf3 d5 2. g3 Nc6 3. d4 Bg4 4. Bg2 Qd7 5. c4 e6 6. cxd5 exd5 7. Bf4 Bb4+ 8. Nc3 Nge7 9. Rc1 Ng6 10. Be3 0-0 11. 0-0 a5 12. a3 Be7 13. Nd2 Be6 14. f4 Bf6 15. Nf3 Nce7 16. Na4 Bg4 17. Ne5 Bxe5 18. Nc5 Qb5 19. dxe5 Bxe2 20. a4 Bxd1 21. axb5 Be2 22. Rf2 Bxb5 23. Nxb7 Bc4 24. b3 Bxb3 25. Rxc7 Nf5 26. Bc1 Rfc8 27. Rxc8+ Rxc8 28. Ba3 a4 29. Bh3 Rb8 30. Nc5 Nd4 31. Nd7 Re8 32. Bb2 Nc6 33. Nc5 Re7 34. Rf3 Ra7 35. Bd7 Na5 36. f5 Nf8 37. e6 fxe6 38. fxe6 Ng6 39. e7 Nxe7 40. Be6+ 1-0

[Event "GER-ch Net qual1 U25"]
[Site "Playchess.com INT"]
[Date "2009.05.10"]
[Round "2"]
[White "Piotrowski, Christopher"]
[Black "Osswald, Luis Monty"]
[Result "0-1"]
[WhiteElo "2042"]
[BlackElo "2142"]
[PlyCount "41"]
[EventDate "2009.05.10"]
[EventType "swiss (blitz)"]
[EventRounds "7"]
[EventCountry "GER"]
[SourceTitle "CBM 130 Extra"]
[Source "ChessBase"]
[SourceDate "2009.07.02"]
[SourceVersion "2"]
[SourceVersionDate "2009.07.15"]
[SourceQuality "1"]

1. e4 c5 2. Nf3 Nc6 3. d3 d6 4. b3 e6 5. Bb2 Nf6 6. g3 Be7 7. Bg2 0-0 8. 0-0 Qc7 9. Nbd2 a6 10. a4 b6 11. Ne1 Nd7 12. f4 f5 13. Qe2 Bf6 14. e5 dxe5 15. fxe5 Ndxe5 16. Bxe5 Bxe5 17. Bxc6 Bd4+ 18. Rf2 Qxc6 19. Rd1 Bb7 20. Ndf3 g5 21. Ng2 0-1

[Event "GER-ch Net qual1 U25"]
[Site "Playchess.com INT"]
[Date "2009.05.10"]
[Round "6"]
[White "Piotrowski, Christopher"]
[Black "Zwahr, Paul"]
[Result "0-1"]
[WhiteElo "2042"]
[BlackElo "2276"]
[PlyCount "50"]
[EventDate "2009.05.10"]
[EventType "swiss (blitz)"]
[EventRounds "7"]
[EventCountry "GER"]
[SourceTitle "CBM 130 Extra"]
[Source "ChessBase"]
[SourceDate "2009.07.02"]
[SourceVersion "2"]
[SourceVersionDate "2009.07.15"]
[SourceQuality "1"]

1. e4 c5 2. Nf3 e6 3. d3 Nc6 4. g3 g6 5. Bg2 Bg7 6. 0-0 d6 7. Nbd2 Nge7 8. c3 0-0 9. a4 Rb8 10. Nc4 a6 11. Ng5 b5 12. axb5 axb5 13. Ne3 b4 14. Bd2 bxc3 15. bxc3 Bb7 16. f4 Ba8 17. Qg4 d5 18. e5 d4 19. cxd4 Qxd4 20. Qh4 h6 21. Ne4 Nf5 22. Rae1 Nxh4 23. Bc3 Qxd3 24. gxh4 Nd4 25. Bxd4 Qxd4 0-1

[Event "GER-ch Net qual1 U25"]
[Site "Playchess.com INT"]
[Date "2009.05.10"]
[Round "7"]
[White "Riegel, Frank"]
[Black "Piotrowski, Christopher"]
[Result "0-1"]
[WhiteElo "1680"]
[BlackElo "2042"]
[PlyCount "62"]
[EventDate "2009.05.10"]
[EventType "swiss (blitz)"]
[EventRounds "7"]
[EventCountry "GER"]
[SourceTitle "CBM 130 Extra"]
[Source "ChessBase"]
[SourceDate "2009.07.02"]
[SourceVersion "2"]
[SourceVersionDate "2009.07.15"]
[SourceQuality "1"]

1. e4 Nf6 2. e5 Nd5 3. d4 d6 4. c4 Nb6 5. Nf3 dxe5 6. Nxe5 c5 7. d5 e6 8. dxe6 Qxd1+ 9. Kxd1 Bxe6 10. b3 Be7 11. Bb2 Bf6 12. Nd2 Nc6 13. Nd3 Nd7 14. Bxf6 Nxf6 15. Nxc5 Bc8 16. Bd3 0-0 17. Nde4 Ng4 18. h3 Nge5 19. Ke2 Re8 20. Kd2 b6 21. Na4 Rd8 22. Nb2 Nb4 23. Kc3 Nbxd3 24. Rad1 Bf5 25. Ng3 Bg6 26. f4 Nxf4 27. Rde1 Ned3 28. Re3 Rac8 29. Rf1 Nd5+ 30. Kd2 Nxe3 31. Kxe3 Nxb2 0-1

[Event "Berlin Unicorn op"]
[Site "Berlin"]
[Date "2008.05.04"]
[Round "7"]
[White "Piotrowski, Christopher"]
[Black "Schlemermeyer, Wilhelm"]
[Result "0-1"]
[WhiteElo "2036"]
[BlackElo "2310"]
[PlyCount "64"]
[EventDate "2008.04.30"]
[EventType "swiss"]
[EventRounds "7"]
[EventCountry "GER"]
[SourceTitle "CBM 124 Extra"]
[Source "ChessBase"]
[SourceDate "2008.07.03"]
[SourceVersion "1"]
[SourceVersionDate "2008.07.03"]
[SourceQuality "1"]

1. c4 Nf6 2. g3 c6 3. Bg2 d5 4. b3 dxc4 5. bxc4 Qd4 6. Nc3 Qxc4 7. Nf3 g6 8. Bb2 Bg7 9. Ne5 Qa6 10. d4 0-0 11. 0-0 Nbd7 12. Nd3 Qa5 13. e4 Nb6 14. Qb3 Be6 15. d5 cxd5 16. Nf4 Rad8 17. Ba3 d4 18. Nxe6 fxe6 19. Bb4 Qa6 20. Qxe6+ Rf7 21. Rad1 Nfd7 22. Nd5 Nxd5 23. exd5 Qc4 24. Bxe7 Re8 25. Rc1 Qxa2 26. Ra1 Qxa1 27. Rxa1 Rexe7 28. Rxa7 d3 29. Rxb7 d2 30. Rb1 Nf8 31. Bh3 Nxe6 32. Bxe6 Rc7 0-1